[Event "PRO League Atlantic 2017"]
[Site "chess.com INT"]
[Date "2017.01.18"]
[Round "2"]
[White "Barbosa, Oliver"]
[Black "Iturrizaga Bonelli, Eduardo"]
[Result "0-1"]
[WhiteTitle "GM"]
[BlackTitle "GM"]
[WhiteElo "2518"]
[BlackElo "2652"]
[WhiteTeam "New York Knights"]
[BlackTeam "Miami Champions"]
[WhiteFideId "5201640"]
[BlackFideId "3901211"]
[EventDate "2017.01.11"]

1. d4 Nf6 2. Nf3 b6 3. Bf4 Bb7 4. e3 g6 5. c3 Bg7 6. h3 O-O 7. Nbd2 c5 8. Be2
Nc6 9. O-O d6 10. Bh2 a6 11. a4 Rc8 12. Re1 Qc7 13. Bd3 e5 14. dxe5 dxe5 15. e4
Rcd8 16. Qe2 Ra8 17. Nc4 Rfe8 18. Ne3 Bh6 19. Nd5 Qd8 20. Bc4 Na5 21. Nxe5 Nxc4
22. Qxc4 Nxd5 23. Rad1 b5 24. axb5 axb5 25. Qxb5 Qb6 26. Qc4 Rxe5 27. Bxe5 Nc7
28. b4 Qb5 29. Qxb5 Nxb5 30. bxc5 Rc8 31. Rd3 Bf8 32. Bd6 Ba6 33. e5 Nxd6 34.
exd6 Bxd3 35. d7 Rd8 36. c6 Bf5 37. c7 Rxd7 38. c8=Q Re7 39. Rxe7 Bxc8 40. Rc7
Be6 41. c4 Kg7 42. c5 Kf6 43. f4 Kf5 44. c6 Bd6 45. Rb7 Kxf4 46. c7 Ke5 47. Rb5+
Kf6 48. Rb7 Bd7 49. Kf2 Ke6 50. Ke3 Bc8 51. Rb6 Kd7 52. Ke4 Bxc7 53. Rb2 Bd6 54.
Kd5 Be7 55. Ke5 h5 56. Rd2+ Ke8 57. Rb2 Be6 58. Rb8+ Kd7 59. Rb7+ Kd8 60. Ra7
Bc5 61. Rb7 Be7 62. Ra7 Bh4 63. Ra4 Bg5 64. h4 Be3 65. Kf6 Kd7 66. Re4 Bc5 67.
g3 Bd6 68. Rd4 Kc6 69. Rd3 Bb8 70. Rc3+ Kd5 71. Re3 Ba7 72. Re5+ Kd6 73. Re4 Bd5
74. Ra4 Bf2 75. Ra6+ Kd7 76. Ra3 Bd4+ 77. Kg5 Ke6 78. g4 Bf6+ 79. Kf4 Be5+ 80.
Kg5 f6+ 81. Kxg6 hxg4 82. h5 Be4+ 83. Kg7 g3 84. Ra6+ Kf5 85. h6 g2 86. h7 g1=Q+
87. Kf8 Qc5+ 88. Kf7 Qc7+ 89. Kg8 Bd5+ 90. Kh8 Qc8+ 91. Kg7 Qb7+ 92. Kh6 Bf4+ 0-1

[Event "PRO League Atlantic 2017"]
[Site "chess.com INT"]
[Date "2017.01.18"]
[Round "2"]
[White "Yudasin, Leonid"]
[Black "Abreu Delgado, Aryam"]
[Result "1-0"]
[WhiteTitle "GM"]
[BlackTitle "GM"]
[WhiteElo "2517"]
[BlackElo "2452"]
[WhiteTeam "New York Knights"]
[BlackTeam "Miami Champions"]
[WhiteFideId "2802341"]
[BlackFideId "3502589"]
[EventDate "2017.01.11"]

1. e4 c5 2. Nf3 d6 3. Bc4 Nf6 4. d3 Nc6 5. c3 a6 6. Bb3 Bg4 7. h3 Bxf3 8. Qxf3
g6 9. O-O Bg7 10. Qe2 O-O 11. Nd2 b5 12. Nf3 b4 13. d4 bxc3 14. bxc3 cxd4 15.
cxd4 d5 16. e5 Ne4 17. Bc2 Nc3 18. Qe3 Nb5 19. a4 Nc7 20. Ba3 Ne6 21. Rfc1 Qd7
22. h4 Rac8 23. Bd3 Qa7 24. Rd1 a5 25. Bb5 Nb4 26. Bxb4 axb4 27. Qb3 Rc3 28.
Qxb4 Rfc8 29. Bf1 Nf4 30. a5 Qd7 31. Ra3 Rc1 32. Rxc1 Rxc1 33. Qb2 Bh6 34. Ng5
Qc8 35. Ra1 Rc2 36. Qb3 Bxg5 37. hxg5 Ne6 38. a6 Nxd4 39. Qxd5 Rd2 40. Qe4 Nb3
41. a7 Nxa1 42. a8=Q 1-0

[Event "PRO League Atlantic 2017"]
[Site "chess.com INT"]
[Date "2017.01.18"]
[Round "2"]
[White "Kumar, Nikhil"]
[Black "Yudasin, Leonid"]
[Result "1/2-1/2"]
[WhiteTitle "FM"]
[BlackTitle "GM"]
[WhiteElo "2379"]
[BlackElo "2517"]
[WhiteTeam "Miami Champions"]
[BlackTeam "New York Knights"]
[WhiteFideId "30909040"]
[BlackFideId "2802341"]
[EventDate "2017.01.11"]

1. d4 Nf6 2. c4 e6 3. Nc3 Bb4 4. e3 c5 5. Ne2 cxd4 6. exd4 d5 7. a3 Be7 8. cxd5
Nxd5 9. Nxd5 Qxd5 10. Nc3 Qa5 11. Bd3 Nc6 12. Be3 O-O 13. O-O Bf6 14. d5 Bxc3
15. dxc6 Bf6 16. Qc2 h6 17. Rac1 bxc6 18. b4 Qxa3 19. Qxc6 Bb7 20. Qxb7 Qxd3 21.
Bxa7 Bd4 22. Bxd4 Qxd4 23. Rfd1 Qa7 24. Qxa7 Rxa7 25. b5 Rb8 26. Rc5 Rab7 27.
Rb1 Kf8 28. f3 Ke7 29. Kf2 Kd6 30. Rc6+ Kd7 31. Rc5 Kd6 32. Rc6+ Kd7 33. Rc5 Kd6 1/2-1/2

[Event "PRO League Atlantic 2017"]
[Site "chess.com INT"]
[Date "2017.01.18"]
[Round "2"]
[White "Kumar, Nikhil"]
[Black "Biag, Ivan Gil"]
[Result "1-0"]
[WhiteTitle "FM"]
[BlackTitle "FM"]
[WhiteElo "2379"]
[BlackElo "2337"]
[WhiteTeam "Miami Champions"]
[BlackTeam "New York Knights"]
[WhiteFideId "30909040"]
[BlackFideId "5201624"]
[EventDate "2017.01.11"]

1. d4 d5 2. c4 c6 3. Nf3 Nf6 4. e3 e6 5. b3 c5 6. Bb2 cxd4 7. exd4 Bb4+ 8. Nbd2
O-O 9. Be2 b6 10. a3 Be7 11. O-O Bb7 12. Bd3 Nbd7 13. Re1 Rc8 14. Rc1 Re8 15.
Qe2 Bf8 16. cxd5 Nxd5 17. Rxc8 Qxc8 18. g3 g6 19. Rc1 Qb8 20. Ne5 Nxe5 21. dxe5
Rc8 22. Rxc8 Qxc8 23. Ne4 Qc7 24. Qd2 a5 25. Be2 Bc6 26. Bf3 Bb5 27. h4 a4 28.
Nd6 Bxd6 29. exd6 Qxd6 30. bxa4 Be8 31. a5 bxa5 32. Qxa5 f6 33. Qa7 Bf7 34. a4
e5 35. a5 Nb4 36. Ba3 e4 37. Qa8+ Kg7 38. Qxe4 1-0

[Event "PRO League Atlantic 2017"]
[Site "chess.com INT"]
[Date "2017.01.18"]
[Round "2"]
[White "Giannatos, Peter"]
[Black "Shen, Christopher Y"]
[Result "1-0"]
[BlackTitle "CM"]
[WhiteElo "2284"]
[BlackElo "2165"]
[WhiteTeam "Carolina Cobras"]
[BlackTeam "Columbus Cardinals"]
[WhiteFideId "2041650"]
[BlackFideId "2090635"]
[EventDate "2017.01.11"]

1. d4 d6 2. Nf3 g6 3. e3 Bg7 4. Be2 Nf6 5. O-O O-O 6. b4 Nbd7 7. Bb2 c6 8. c4
Qc7 9. Nc3 e5 10. Qb3 Re8 11. Rfd1 Nf8 12. Rac1 e4 13. Nd2 Qe7 14. Bf1 Bg4 15.
Re1 h5 16. b5 N8h7 17. Qa4 Bd7 18. Ba3 Ng5 19. bxc6 bxc6 20. Qb4 Bf8 21. Rb1 Ng4
22. h3 Nf6 23. Qa5 Bc8 24. Qxg5 Kh7 25. f4 Bh6 26. Qg3 Bf5 27. Rb3 Rg8 28. Qf2
Qe6 29. Rb7 g5 30. d5 cxd5 31. cxd5 Qc8 32. Rxf7+ Kg6 33. Rxf6+ Kxf6 34. Ndxe4+
Kg6 35. fxg5 Bxg5 36. Nxd6 Qxc3 37. Qxf5+ Kh6 38. Nf7+ Kg7 39. Nxg5 1-0

[Event "PRO League Atlantic 2017"]
[Site "chess.com INT"]
[Date "2017.01.18"]
[Round "2"]
[White "Giannatos, Peter"]
[Black "Baker, Vincent J"]
[Result "1-0"]
[WhiteElo "2284"]
[BlackElo "1960"]
[WhiteTeam "Carolina Cobras"]
[BlackTeam "Columbus Cardinals"]
[WhiteFideId "2041650"]
[BlackFideId "30911974"]
[EventDate "2017.01.11"]

1. d4 Nf6 2. Bf4 e6 3. e3 c5 4. c3 cxd4 5. exd4 b6 6. Nf3 Bb7 7. Bd3 Be7 8. h3
O-O 9. O-O d6 10. Nbd2 Nbd7 11. a4 Re8 12. Re1 Bf8 13. Bg3 Qc7 14. Ng5 h6 15.
Nge4 Rac8 16. a5 bxa5 17. Qa4 Qb6 18. Nc4 Rxc4 19. Nxf6+ Nxf6 20. Qxc4 Bc6 21.
Qa6 Qxa6 22. Bxa6 Rb8 23. Re2 a4 24. Bd3 Rb7 25. f3 Nh5 26. Bh2 Nf6 27. Kf2 a5
28. Bc2 Bb5 29. Rd2 Be7 30. Bxa4 Bc4 31. b3 Ba6 32. c4 Rb4 33. Rc1 Kf8 34. g4 h5
35. g5 Ne8 36. h4 f6 37. Bf4 fxg5 38. hxg5 g6 39. Re2 Ng7 40. Bd2 Rb8 41. f4 Bd8
42. c5 Bxe2 43. Kxe2 Nf5 44. Kd3 dxc5 45. dxc5 Bc7 46. Ke4 Rd8 47. Be3 Ke7 48.
Bb5 h4 49. Bc4 h3 50. Kf3 Rf8 51. Bd2 Rd8 52. Bc3 Nd4+ 53. Kg3 h2 54. Re1 e5 55.
fxe5 h1=Q 56. Rxh1 Bxe5+ 57. Kg4 Rf8 58. Re1 Rf4+ 59. Kh3 Kd7 60. Rxe5 1-0

[Event "PRO League Atlantic 2017"]
[Site "chess.com INT"]
[Date "2017.01.18"]
[Round "2"]
[White "Feng, Maggie"]
[Black "Giannatos, Peter"]
[Result "1/2-1/2"]
[WhiteTitle "WCM"]
[WhiteElo "2164"]
[BlackElo "2284"]
[WhiteTeam "Columbus Cardinals"]
[BlackTeam "Carolina Cobras"]
[WhiteFideId "2078090"]
[BlackFideId "2041650"]
[EventDate "2017.01.11"]

1. Nf3 d5 2. g3 Nf6 3. Bg2 c6 4. O-O Bf5 5. d3 h6 6. c4 e6 7. Be3 Nbd7 8. Qb3
Qc8 9. Nc3 Bc5 10. Bxc5 Nxc5 11. Qa3 Ncd7 12. cxd5 exd5 13. e4 dxe4 14. dxe4 Be6
15. e5 Nd5 16. Ne4 Qc7 17. Nd6+ Kd8 18. Rfe1 Qb6 19. Rad1 Kc7 20. Nxf7 Bxf7 21.
Qd6+ Kc8 22. e6 Bxe6 23. Qxe6 Kc7 24. Ne5 Rad8 25. Nxd7 Rxd7 26. Qe5+ Kc8 27.
Bh3 Rd8 28. Qxg7 Qb4 29. Re8 Kc7 30. Bxd7 Rxd7 31. Qe5+ Kb6 32. a3 Qg4 33. Re1
Rf7 34. Qe2 Qh3 35. Re4 a6 36. Rh4 Qf5 37. b4 Ka7 38. Re4 h5 39. a4 c5 40. Re5
Qd7 41. Qd2 Nxb4 42. Qxd7 Rxd7 43. Rxc5 Nd3 44. Rcc1 Nxe1 45. Rxe1 Rd4 46. a5
Rd5 47. Ra1 b5 48. axb6+ Kxb6 49. f4 a5 50. Kf2 Kb5 51. Ke3 a4 52. Rb1+ Kc4 53.
Rb8 a3 54. Ra8 Kb3 55. Rb8+ Kc4 56. Ra8 Kb3 57. Rb8+ Kc4 58. Ra8 1/2-1/2

[Event "PRO League Atlantic 2017"]
[Site "chess.com INT"]
[Date "2017.01.18"]
[Round "2"]
[White "Feng, Maggie"]
[Black "Carter, Emmanuel"]
[Result "0-1"]
[WhiteTitle "WCM"]
[WhiteElo "2164"]
[BlackElo "2052"]
[WhiteTeam "Columbus Cardinals"]
[BlackTeam "Carolina Cobras"]
[WhiteFideId "2078090"]
[BlackFideId "30908167"]
[EventDate "2017.01.11"]

1. Nf3 e6 2. g3 Nf6 3. Bg2 d5 4. O-O Be7 5. d4 O-O 6. c4 dxc4 7. Ne5 c5 8. dxc5
Qc7 9. Nxc4 Qxc5 10. Qb3 Nc6 11. Be3 Qh5 12. h3 Nd5 13. g4 Qh4 14. Nbd2 Nxe3 15.
Qxe3 Nb4 16. Nf3 Qf6 17. Qb3 Nd5 18. e3 b6 19. Nce5 Bd6 20. Nc4 Bc7 21. Nd4 Bd7
22. Rfd1 Rac8 23. Rac1 h5 24. Nf3 hxg4 25. hxg4 b5 26. Ncd2 Qg6 27. g5 Rfd8 28.
Nf1 a5 29. a3 a4 30. Qa2 Be8 31. b3 Nc3 32. Rc2 Nxa2 33. Rc3 0-1

[Event "PRO League Atlantic 2017"]
[Site "chess.com INT"]
[Date "2017.01.18"]
[Round "2"]
[White "Li, Chao b"]
[Black "Szabo, Gergely-Andras-Gyula"]
[Result "1-0"]
[WhiteTitle "GM"]
[BlackTitle "GM"]
[WhiteElo "2720"]
[BlackElo "2549"]
[WhiteTeam "Montreal ChessBrahs"]
[BlackTeam "Toronto Dragons"]
[WhiteFideId "8604436"]
[BlackFideId "1205064"]
[EventDate "2017.01.11"]

1. d4 Nf6 2. c4 e6 3. g3 c5 4. d5 exd5 5. cxd5 d6 6. Nc3 g6 7. Bg2 Bg7 8. e4 O-O
9. Nge2 Re8 10. a4 Na6 11. O-O c4 12. Be3 Ng4 13. Bd4 Ne5 14. Qd2 Nb4 15. Nb5
Nbd3 16. f4 Ng4 17. Bxg7 Kxg7 18. Qc3+ Kg8 19. Qxc4 Nc5 20. e5 Ne3 21. Qc3 Nxf1
22. Nxd6 Rf8 23. Qxc5 Nd2 24. Qb4 Qb6+ 25. Qxb6 axb6 26. Nd4 b5 27. N6xb5 Bd7
28. d6 Bxb5 29. Nxb5 Nb3 30. Ra3 Nc5 31. b4 Nxa4 32. Bxb7 Rab8 33. Bc6 Nb6 34.
Nc7 Nc4 35. Rb3 Na5 36. Rc3 Nxc6 37. Rxc6 Rxb4 38. e6 fxe6 39. Nxe6 Ra8 40. d7
Rbb8 41. Rd6 Kf7 42. d8=Q Rxd8 43. Nxd8+ Ke7 44. Rd1 Rxd8 45. Rxd8 Kxd8 46. Kf2
Ke7 47. Kf3 Ke6 48. Ke4 Kf6 49. g4 h6 50. h3 Ke6 51. f5+ Kf6 52. h4 Kf7 53. Ke5
h5 54. fxg6+ Kxg6 55. g5 Kf7 56. Kf5 Kg7 57. Ke4 Kg6 58. Kf4 Kf7 59. Ke5 Kg6 60.
Ke6 Kg7 61. Kf5 Kh7 62. Kf6 1-0

[Event "PRO League Atlantic 2017"]
[Site "chess.com INT"]
[Date "2017.01.18"]
[Round "2"]
[White "Sanhueza, Cristian"]
[Black "Hungaski, Robert Andrew"]
[Result "1/2-1/2"]
[BlackTitle "GM"]
[WhiteElo "2257"]
[BlackElo "2488"]
[WhiteTeam "Buenos Aires Krakens"]
[BlackTeam "Patagonia Penguins"]
[WhiteFideId "116815"]
[BlackFideId "2021030"]
[EventDate "2017.01.11"]

1. e4 c5 2. Nf3 Nc6 3. d4 cxd4 4. Nxd4 Nf6 5. Nc3 d6 6. h3 e5 7. Nf3 h6 8. Bc4
Be7 9. O-O O-O 10. Bb3 Na5 11. Qe2 a6 12. Rd1 Nxb3 13. axb3 Qc7 14. Be3 Be6 15.
Ne1 Rad8 16. Qf3 Qc6 17. Nd3 Rfe8 18. Nb4 Qc7 19. Rac1 Qa5 20. Nbd5 Nxd5 21.
Nxd5 Bxd5 22. Rxd5 Qa2 23. Qg4 h5 24. Qxh5 Qxb2 25. Qg4 Bf8 26. h4 Re6 27. h5
Rc8 28. Qe2 Rc3 29. Rd3 Re8 30. Rxc3 Qxc3 31. Qd3 Qc8 32. f3 Qc6 33. c4 Rc8 34.
Kf2 Qc7 35. Qd5 Qe7 36. g4 Kh7 37. Kg3 Qe6 38. Qxb7 Be7 39. Rd1 a5 40. Qd5 Rb8
41. Rd3 g6 42. hxg6+ Kxg6 43. f4 exf4+ 44. Bxf4 Qxd5 45. exd5 Rc8 46. Bd2 a4 47.
bxa4 Rxc4 48. Ra3 Rd4 49. a5 Rxd2 50. a6 Rc2 51. a7 Rc8 52. a8=Q Rxa8 53. Rxa8
f5 54. Ra7 Bf6 55. Ra2 Be5+ 56. Kf3 Kg5 57. gxf5 Kxf5 58. Rg2 Bf6 59. Re2 Be5
60. Re4 Kg5 61. Re2 Kf5 62. Re4 Kg5 63. Rg4+ Kf5 64. Rg8 Bf6 65. Re8 Be5 66. Ke3
Bf4+ 67. Kd4 Be5+ 68. Kc4 Ke4 69. Kb5 Kxd5 70. Rd8 Bd4 71. Kb4 Bc5+ 72. Kb3 Bb6
73. Rxd6+ Kxd6 1/2-1/2

[Event "PRO League Atlantic 2017"]
[Site "chess.com INT"]
[Date "2017.01.18"]
[Round "2"]
[White "Sanhueza, Cristian"]
[Black "Pacheco, Daniel"]
[Result "1/2-1/2"]
[BlackTitle "FM"]
[WhiteElo "2257"]
[BlackElo "2279"]
[WhiteTeam "Buenos Aires Krakens"]
[BlackTeam "Patagonia Penguins"]
[WhiteFideId "116815"]
[BlackFideId "101680"]
[EventDate "2017.01.11"]

1. e4 e6 2. d4 d5 3. Nd2 Nc6 4. Ngf3 Nf6 5. e5 Nd7 6. Nb3 f6 7. Bb5 fxe5 8. dxe5
Be7 9. Nbd4 Ndb8 10. Ng5 Bxg5 11. Qh5+ g6 12. Qxg5 Qxg5 13. Bxg5 Bd7 14. Nxc6
Nxc6 15. Bf6 Rf8 16. Bxc6 Bxc6 17. O-O-O Bb5 18. h4 h5 19. Kd2 c5 20. g4 Kd7 21.
gxh5 gxh5 22. Rhg1 Rg8 23. Rg5 d4 24. Rdg1 Rxg5 25. Rxg5 Kc6 26. Rxh5 Rg8 27.
Bg5 Kd5 28. f4 Bc6 29. Rh7 c4 30. h5 Rc8 31. h6 c3+ 32. bxc3 dxc3+ 33. Ke3 Ba4
34. Kd3 Bb5+ 35. Ke3 Ba4 36. Kd3 Bb5+ 37. Ke3 Ba4 38. Kd3 1/2-1/2

[Event "PRO League Atlantic 2017"]
[Site "chess.com INT"]
[Date "2017.01.18"]
[Round "2"]
[White "Shen, Christopher Y"]
[Black "Balleisen, Aaron S"]
[Result "0-1"]
[WhiteTitle "CM"]
[WhiteElo "2165"]
[BlackElo "2127"]
[WhiteTeam "Columbus Cardinals"]
[BlackTeam "Carolina Cobras"]
[WhiteFideId "2090635"]
[BlackFideId "2087073"]
[EventDate "2017.01.11"]

1. c4 b6 2. g3 Bb7 3. Nf3 g6 4. Bg2 Bg7 5. O-O Nf6 6. d4 O-O 7. Nc3 Ne4 8. Nxe4
Bxe4 9. Bf4 d6 10. Qd2 c5 11. Bh6 Nc6 12. Bxg7 Kxg7 13. d5 Bxf3 14. Bxf3 Ne5 15.
Bg2 Kg8 16. Qc3 a6 17. Rab1 b5 18. b3 b4 19. Qd2 a5 20. f4 Nd7 21. e4 a4 22.
Rfe1 f6 23. Bh3 Kg7 24. Be6 Qc7 25. Qb2 axb3 26. axb3 Ra3 27. Qg2 Rfa8 28. Qh3
Nf8 29. e5 dxe5 30. fxe5 f5 31. d6 exd6 32. exd6 Qxd6 33. Bd5 R8a7 34. Qh4 Qf6
35. Qf4 g5 36. Qe3 Ra2 37. Qxc5 f4 38. Rf1 Nd7 39. Qc8 Qd4+ 40. Kh1 Rxh2+ 41.
Kxh2 fxg3+ 42. Kxg3 Qh4+ 43. Kf3 Qf4+ 0-1

[Event "PRO League Atlantic 2017"]
[Site "chess.com INT"]
[Date "2017.01.18"]
[Round "2"]
[White "Shen, Christopher Y"]
[Black "Cunningham, Robin"]
[Result "1-0"]
[WhiteTitle "CM"]
[BlackTitle "FM"]
[WhiteElo "2165"]
[BlackElo "2263"]
[WhiteTeam "Columbus Cardinals"]
[BlackTeam "Carolina Cobras"]
[WhiteFideId "2090635"]
[BlackFideId "2005093"]
[EventDate "2017.01.11"]

1. c4 e6 2. g3 d5 3. Bg2 Nf6 4. Nf3 Be7 5. O-O O-O 6. d4 c5 7. cxd5 exd5 8. dxc5
Bxc5 9. Nd4 Nc6 10. Be3 Qb6 11. Nxc6 bxc6 12. Bxc5 Qxc5 13. Nd2 Re8 14. Nb3 Qb5
15. e3 a5 16. Qc2 Bd7 17. Nd4 Qb6 18. Rac1 Rac8 19. Nb3 Bg4 20. h3 Bh5 21. Qc5
Qxc5 22. Rxc5 a4 23. Nd4 Rb8 24. b3 axb3 25. axb3 Bg6 26. Rxc6 Be4 27. Rfc1 Bxg2
28. Kxg2 Ne4 29. R1c2 Kf8 30. Rc7 g6 31. h4 h5 32. f3 Nf6 33. Kf2 Rb6 34. Ra7
Re7 35. Rc8+ Ne8 36. Raa8 f6 37. Ke2 Kf7 38. Kd3 f5 39. Rcb8 Rxb8 40. Rxb8 Ra7
41. Nc6 Ra6 42. Ne5+ Ke7 43. Kd4 Nc7 44. Rg8 Ne6+ 45. Kc3 Nf8 46. Rg7+ Kf6 47.
Rf7+ Kxe5 48. Rxf8 Rc6+ 49. Kd3 Rb6 50. Re8+ Kf6 51. Kc3 Rc6+ 52. Kb4 Rc2 53.
Ka5 Rg2 54. b4 Rxg3 55. b5 Rxf3 56. b6 Rf1 57. b7 Ra1+ 58. Kb5 g5 59. hxg5+ Kxg5
60. b8=Q Rb1+ 61. Kc5 Rxb8 62. Rxb8 h4 63. Kxd5 h3 64. Ke5 Kg4 65. Rg8+ Kf3 66.
Kxf5 h2 67. Rh8 1-0

[Event "PRO League Atlantic 2017"]
[Site "chess.com INT"]
[Date "2017.01.18"]
[Round "2"]
[White "Perez Ponsa, Federico"]
[Black "Hungaski, Robert Andrew"]
[Result "0-1"]
[WhiteTitle "GM"]
[BlackTitle "GM"]
[WhiteElo "2583"]
[BlackElo "2488"]
[WhiteTeam "Buenos Aires Krakens"]
[BlackTeam "Patagonia Penguins"]
[WhiteFideId "117927"]
[BlackFideId "2021030"]
[EventDate "2017.01.11"]

1. e4 c5 2. Nf3 Nc6 3. Bb5 e6 4. O-O Nge7 5. c3 a6 6. Ba4 b5 7. Bc2 d5 8. e5 d4
9. Be4 d3 10. a4 Rb8 11. axb5 axb5 12. b3 Bb7 13. Na3 b4 14. Nc4 Ng6 15. Re1 Nf4
16. Bb2 g5 17. cxb4 Nxb4 18. Bxb7 Rxb7 19. Nd6+ Bxd6 20. exd6 O-O 21. Re5 f6 22.
Rxc5 Qxd6 23. Rca5 Ne2+ 24. Kh1 Nc2 25. R1a4 Rxb3 26. Bxf6 Rxf6 27. Rxg5+ Kh8
28. Rag4 Rb8 29. h3 h6 30. Rg7 Rxf3 31. gxf3 Qd5 32. Rf7 Qh5 33. Qf1 Qxf7 34.
Qg2 Ne1 0-1

[Event "PRO League Atlantic 2017"]
[Site "chess.com INT"]
[Date "2017.01.18"]
[Round "2"]
[White "Perez Ponsa, Federico"]
[Black "Pacheco, Daniel"]
[Result "1-0"]
[WhiteTitle "GM"]
[BlackTitle "FM"]
[WhiteElo "2583"]
[BlackElo "2279"]
[WhiteTeam "Buenos Aires Krakens"]
[BlackTeam "Patagonia Penguins"]
[WhiteFideId "117927"]
[BlackFideId "101680"]
[EventDate "2017.01.11"]

1. e4 e6 2. d4 d5 3. Nd2 Nf6 4. e5 Nfd7 5. Bd3 c5 6. c3 cxd4 7. cxd4 Nc6 8. Ngf3
f6 9. O-O fxe5 10. Nxe5 Ndxe5 11. dxe5 g6 12. Nf3 Bg7 13. Bg5 Qb6 14. Re1 O-O
15. h4 Bd7 16. Be3 Qb4 17. h5 gxh5 18. Ng5 h6 19. Qxh5 Nxe5 20. Bh7+ Kh8 21.
Nxe6 Bxe6 22. Bxh6 Qg4 23. Bxg7+ Kxg7 24. Qxe5+ Rf6 25. Rac1 Rf8 26. Rc7+ Rf7
27. Rxf7+ Bxf7 28. Bd3 Qh4 29. g3 Qh6 30. Kg2 Qd2 31. Qe2 Qg5 32. Qe3 Qg4 33. f3
Qb4 34. Qg5+ Kf8 35. Re2 Qd6 36. Qe5 Qd8 37. g4 Qb6 38. g5 Re6 39. Qh8+ Ke7 40.
Qf6+ Kf8 41. Rxe6 Qxe6 42. Qxe6 Bxe6 43. f4 d4 44. a3 Ke7 45. f5 Bd5+ 46. Kg3
Kd6 47. Kf4 1-0

[Event "PRO League Atlantic 2017"]
[Site "chess.com INT"]
[Date "2017.01.18"]
[Round "2"]
[White "Guseinov, Gadir"]
[Black "Erenburg, Sergey"]
[Result "1/2-1/2"]
[WhiteTitle "GM"]
[BlackTitle "GM"]
[WhiteElo "2643"]
[BlackElo "2570"]
[WhiteTeam "Atlanta Kings"]
[BlackTeam "Philadelphia Inventors"]
[WhiteFideId "13401378"]
[BlackFideId "2805642"]
[EventDate "2017.01.11"]

1. e4 c6 2. d4 d5 3. Nd2 dxe4 4. Nxe4 Bf5 5. Ng3 Bg6 6. h4 h6 7. Nf3 Nd7 8. h5
Bh7 9. Bd3 Bxd3 10. Qxd3 e6 11. Bd2 Ngf6 12. O-O-O Be7 13. Ne4 Nxe4 14. Qxe4 Nf6
15. Qd3 Qd5 16. c4 Qe4 17. Qb3 O-O 18. Rde1 Qf5 19. Qxb7 Rfe8 20. Qb3 Rab8 21.
Qc2 Qg4 22. Ne5 Qxd4 23. Nxc6 Qxf2 24. Rhf1 Qc5 25. Nxb8 Rxb8 26. g4 Nxg4 27.
Rxf7 Kxf7 28. Qg6+ Kf8 29. Qxg4 Bf6 30. Qxe6 Bxb2+ 31. Kc2 Bf6 32. Rb1 Rxb1 33.
Kxb1 Be7 34. Qd5 Qxd5 35. cxd5 Kf7 36. Kc2 g6 37. hxg6+ Kxg6 38. Kd3 Bd6 39. Kc4
h5 40. Be3 a6 41. Bc5 Bf4 42. d6 Kf7 43. d7 Bg5 44. Kd5 h4 45. Bd6 h3 46. a4 Bd8
47. Kc6 Ke6 48. Bg3 Bf6 49. Bh2 Bd8 50. Bc7 Be7 51. Bg3 Bd8 52. Bh2 Be7 53. Bb8
Bd8 54. Bf4 Be7 55. Kc7 Kd5 56. Kb6 Ke6 57. Kc7 Kd5 58. Kb6 Ke6 59. Kc6 Bd8 60.
Bh2 Be7 61. Bg3 Bd8 62. Bb8 Be7 63. Bf4 Bd8 64. Bh2 Be7 65. a5 Bd8 66. Bc7 Be7
67. Bh2 Bd8 68. Bg3 Bxa5 69. Bc7 Bxc7 70. Kxc7 h2 71. d8=Q h1=Q 72. Qc8+ Kf7 73.
Qxa6 Qc1+ 74. Qc6 Qxc6+ 75. Kxc6 1/2-1/2

[Event "PRO League Atlantic 2017"]
[Site "chess.com INT"]
[Date "2017.01.18"]
[Round "2"]
[White "Guseinov, Gadir"]
[Black "Norowitz, Yaacov"]
[Result "1/2-1/2"]
[WhiteTitle "GM"]
[BlackTitle "IM"]
[WhiteElo "2643"]
[BlackElo "2429"]
[WhiteTeam "Atlanta Kings"]
[BlackTeam "Philadelphia Inventors"]
[WhiteFideId "13401378"]
[BlackFideId "2024799"]
[EventDate "2017.01.11"]

1. e4 c6 2. d4 d5 3. Nd2 dxe4 4. Nxe4 Nf6 5. Nxf6+ gxf6 6. c3 Qd5 7. Be3 Bf5 8.
Ne2 e6 9. Nf4 Qa5 10. b4 Qc7 11. Bd3 Bg6 12. Qf3 Nd7 13. Nxg6 hxg6 14. h4 a5 15.
b5 cxb5 16. Rc1 Ba3 17. Rc2 Qb6 18. Ke2 b4 19. cxb4 Bxb4 20. Rb1 Qd6 21. a3 Bxa3
22. Rxb7 Rd8 23. Rc6 Qh2 24. Bxg6 Qxh4 25. Rxe6+ Kf8 26. Re4 Qh1 27. Bf5 Bb4 28.
Rxb4 axb4 29. Bd2 Qb1 30. Re3 Qa2 31. Qc6 Rh1 32. Bxd7 Qb1 33. Qd6+ Kg8 34. Rg3+
Kh7 35. Bf5+ Qxf5 36. Qxd8 Qe4+ 37. Be3 Qc2+ 38. Bd2 Qd1+ 39. Ke3 Qb3+ 40. Kf4
Rh4+ 41. Rg4 Rxg4+ 42. Kxg4 Qd1+ 43. Kg3 Qxd2 44. Qxf6 Qd3+ 45. Kh2 Qg6 46. Qd8
b3 47. Qb8 Qh5+ 48. Kg3 Qd1 49. Qb7 Qd3+ 50. f3 Kg7 51. d5 Qc3 52. d6 Qe5+ 53.
Kf2 Qd4+ 54. Kg3 Qe5+ 55. Kh3 Qf5+ 56. Kh2 Qe5+ 57. g3 Qe2+ 58. Kh3 b2 59. d7
Qf1+ 60. Kg4 Qc4+ 61. Kh3 Qf1+ 62. Kh4 Qh1+ 63. Kg4 b1=Q 64. Qxb1 Qxb1 65. d8=Q
Qb4+ 66. Kh3 Qe1 67. Qd4+ Kg8 68. Qb2 Qh1+ 69. Kg4 Qd1 70. Qe5 Qd7+ 71. Qf5 Qd4+
72. Kg5 Qd2+ 73. f4 Qg2 74. g4 Qc6 75. Qf6 Qb7 76. Qd8+ Kg7 77. Qd6 Qb1 78. Qe5+
Kg8 79. Kf6 Qb6+ 80. Kg5 Qb1 81. Qe8+ Kg7 82. Qe5+ Kg8 1/2-1/2

[Event "PRO League Atlantic 2017"]
[Site "chess.com INT"]
[Date "2017.01.18"]
[Round "2"]
[White "Zapata, Alonso"]
[Black "Erenburg, Sergey"]
[Result "1/2-1/2"]
[WhiteTitle "GM"]
[BlackTitle "GM"]
[WhiteElo "2418"]
[BlackElo "2570"]
[WhiteTeam "Atlanta Kings"]
[BlackTeam "Philadelphia Inventors"]
[WhiteFideId "4400011"]
[BlackFideId "2805642"]
[EventDate "2017.01.11"]

1. e4 c6 2. d4 d5 3. Nc3 dxe4 4. Nxe4 Bf5 5. Ng3 Bg6 6. h4 h6 7. Nf3 Nd7 8. h5
Bh7 9. Bd3 Bxd3 10. Qxd3 e6 11. Bd2 Ngf6 12. O-O-O Be7 13. Kb1 Qc7 14. Ne4 O-O-O
15. c4 c5 16. Bc3 cxd4 17. Bxd4 e5 18. Nxf6 Bxf6 19. Be3 Nc5 20. Qa3 b6 21. Bxc5
bxc5 22. Nd2 Qb7 23. f3 Be7 24. Ne4 Rd4 25. Rxd4 cxd4 26. c5 Kb8 27. Rc1 Rc8 28.
Rc4 Ka8 29. Qa4 Qc6 30. Qxc6+ Rxc6 31. b4 f5 32. Nf2 Re6 33. Kc2 Bh4 34. Nh3 Bf6
35. c6 Kb8 36. b5 Re8 37. Rc5 e4 38. Nf4 d3+ 39. Nxd3 exd3+ 40. Kxd3 f4 41. a4
Re3+ 42. Kc4 Ra3 43. Kb4 Rd3 44. Rc4 Bd4 45. Ka5 Kc7 46. Ka6 Rd2 47. a5 Rd1 48.
Rb4 Rd2 49. Rc4 Rd3 50. Rb4 Rd2 51. Ra4 Rd1 52. Rc4 Rd3 53. Rb4 Rd1 54. Rc4 Rd2
55. Ra4 Rd1 56. Ra2 Be3 57. Ra3 Rd2 58. Ra4 Bd4 59. Ra3 Rd1 60. Ra2 Rd3 61. Ra4
Rd2 62. Rc4 Rd3 63. Rc1 Rd2 64. Re1 Be3 65. Ra1 Rd3 66. Ra2 Rd1 67. Ra4 Rd2 68.
Re4 Ra2 69. Re7+ Kd8 70. Rxg7 Bb6 71. Kb7 Rxa5 72. Rd7+ Ke8 73. Rd5 Ra2 74. Rd6
Rb2 75. c7 Bxc7 76. Kxc7 Rxb5 77. Rxh6 Rg5 78. Rf6 Rxg2 79. Rxf4 Rh2 80. Rf5 Ke7
81. Kc6 Ke6 82. Rg5 Rh3 83. f4 Rh4 84. Ra5 Rxf4 85. Rxa7 Rc4+ 86. Kb5 Rh4 87. h6
Kf6 88. h7 Kg6 89. Kc5 Rxh7 90. Rxh7 Kxh7 1/2-1/2